Skoki narciarskie - zwycięzcy konkursów w sezonie 2020/21 - Statystyki

Ogólne statystyki
  • Ten quiz został rozwiązany 1 092 razy
  • Średni wynik to 6 z 8
Statystyki odpowiedzi
Hint Odpowiedź % Poprawnych
3 Stoch
99%
11 Granerud
95%
1 Kubacki
94%
3 Kobayashi
92%
3 Geiger
85%
2 Eisenbichler
67%
1 Lindvik
56%
1 Johansson
48%
Nie znaleziono quizów pasujących do podanych kryteriów
Rozkład punktacji
Procent ludzi z każdym wynikiem
Percentyl według liczby udzielonych odpowiedzi
Twoja historia wyników
Nie rozwiązałeś tego quizu